000 01656nam a2200433 c 4500
001 23825
003 ES-MaCES
005 20240205111948.0
008 110603s2011 sp l 100 | spa d
017 _aV 1321-2011
_bDL
020 _a9788498769463
035 _aCES20110004587m
040 _aES-MaCES
_bspa
_cES-MaCES
110 2 _940045
_aAsociación Española de Derecho del Trabajo y de la Seguridad Social
_bCongreso Anual
_n21º
_d2010
_cSevilla
245 1 4 _aLos nuevos marcos de relaciones laborales en el renovado Estado de las Autonomías
_cXXI Congreso Nacional [de la] Asociación Española de Derecho del Trabajo y de la Seguridad Social, [celebrado en mayo de 2010, Sevilla]
260 _aValencia
_bTirant lo Blanch
_c2011
300 _a959 p.
_c24 cm
490 1 _aTirant lo Blanch homenajes congresos
541 _cCompra
650 4 _arelaciones laborales
_928369
650 4 _apolítica de empleo
_928300
650 4 _aigualdad de oportunidades en el empleo
_930649
650 4 _amujeres
_928657
650 4 _aconciliación
_927303
650 4 _aresponsabilidades familiares
_930598
650 4 _aservicio de empleo
_928311
650 4 _aprotección social
_929076
650 4 _aasistencia social
_929003
650 4 _aingreso garantizado
_929342
650 4 _aderecho del trabajo
_927165
650 4 _aEspaña
_926964
650 4 _aComunidades Autónomas
_930768
650 4 _aconferencia
_927013
653 1 0 _aRelaciones laborales-Empleo
830 0 _aHomenajes & congresos (Tirant lo Blanch (Firma))
_934426
902 _aLIB Libro
942 _2CES
_cBK
_h2.0.
999 _c23825
_d23825